Statistics for Maisie Peters - Body Better

Click here to take the quiz!

General Stats

  • This quiz has been taken 22 times
  • The average score is 423 of 478

Answer Stats

Answer% Correct
a
100%
A
100%
an
100%
and
100%
And
100%
be
100%
beat
100%
better
100%
body
100%
can’t
100%
got
100%
Got
100%
I,
100%
I
100%
it
100%
it,
100%
mine?
100%
(mine)
100%
she
100%
she’s
100%
So,
100%
so
100%
sorry?
100%
sorry
100%
than
100%
that
100%
The
100%
the
100%
Then
100%
thinking,
100%
thinking
100%
time?
100%
time
100%
to
100%
Were
100%
were
100%
You
100%
you
100%
you,
100%
at
94%
do
94%
Do
94%
hear
94%
help
94%
her?
94%
her
94%
Is
94%
is
94%
like
94%
was
94%
Was
94%
weren’t
94%
all
88%
All
88%
Has
88%
If
88%
if
88%
love
88%
me
88%
on
88%
When
88%
when
88%
did
82%
Did
82%
for
82%
just
82%
Loving
82%
my
82%
Now
82%
Now,
82%
now
82%
of
82%
one
82%
said
82%
touched
82%
watch
82%
what
82%
your
82%
any
76%
‘Cause
76%
easy,
76%
gave
76%
hurts
76%
not
76%
nothing
76%
out
76%
somebody
76%
superficially?
76%
that’s
76%
there
76%
up
76%
way
76%
why
76%
work
76%
worst
76%
you’re
76%
else
71%
good
71%
hundred
71%
idea
71%
I’m
71%
in
71%
make
71%
percent
71%
reason
71%
run
71%
sit
71%
still
71%
them
71%
us
71%
use
71%
best
65%
blue
65%
chest
65%
drum
65%
eyes
65%
it’s
65%
know
65%
left
65%
lie?
65%
liked?
65%
moving
65%
myself,
65%
never
65%
obedient
65%
right?
65%
sense
65%
sheets,
65%
sleep?
65%
suffer?
65%
thought
65%
took
65%
twisting
65%
With
65%
wrong
65%
convenient
59%
don’t
59%
feel
59%
head
59%
heartbeat
59%
life
59%
more
59%
signs
59%
tell
59%
warning
59%
watching
59%
Will
59%
would
59%
how
53%
upon
53%
Could
47%
cry?
47%
have
47%
How’s
47%
hows
47%
lay
47%
made
47%
Oh-oh
35%
whens
35%
whys
35%
clothes
29%

Score Distribution

Percentile by Number Answered

Percent of People with Each Score

Your Score History

You have not taken this quiz